00380pab a2200121 454500008004000000100001900040245007300059260000900132300001300141650004500154650002000199773003900219180718b2005 xxu||||| |||| 00| 0 eng d aMalikarjun, M. aTechnical efficiency and economic reforms: a study of Andhra pradesh c2005 ap.68-77. aEconomic reform - India - Andhra Pradesh aEconomic reform aIndian Journal of Regional Science